书目信息 |
| 题名: |
知觉、行动与知识
|
|
| 作者: | 陈仕伟 著 | |
| 分册: | ||
| 出版信息: | 北京 中国社会科学出版社 2024.06 |
|
| 页数: | 230页 | |
| 开本: | 24cm | |
| 丛书名: | ||
| 单 册: | ||
| 中图分类: | B842.1 | |
| 科图分类: | ||
| 主题词: | 认知科学--研究 | |
| 电子资源: | ||
| ISBN: | 978-7-5227-3560-3 | |
| 000 | 01173nam0 2200253 450 | |
| 001 | 013052388 | |
| 005 | 20251022154512.72 | |
| 010 | @a978-7-5227-3560-3@dCNY98.00 | |
| 100 | @a20240801d2024 em y0chiy0120 ea | |
| 101 | 0 | @achi |
| 102 | @aCN@b110000 | |
| 105 | @aa v 001yy | |
| 106 | @ar | |
| 200 | 1 | @a知觉、行动与知识@9zhi jue、xing dong yu zhi shi@e一种“行动优先”的统一解释@dPerception, action and knowledge@ean action first unified account@f陈仕伟著@zeng |
| 210 | @a北京@c中国社会科学出版社@d2024.06 | |
| 215 | @a230页@c图@d24cm | |
| 300 | @a博士论文出版项目 国家社会科学基金 | |
| 330 | @a本书尝试基于行动概念重新诠释知觉经验与知觉知识,构建一种基于行动的新朴素实在论与知识析取论。核心主张在于:知觉经验本质上是一种具身的有意行动,而知觉知识是感知者适切地完成相应的知觉行动后获得的认知成就。基于上述主张,在保留当代朴素实在论与析取论洞见的同时,对知觉、行动与知识给出了一个“行动优先”的统一解释。 | |
| 510 | 1 | @aPerception, action and knowledge@ean action first unified account@zeng |
| 606 | 0 | @a认知科学@x研究 |
| 690 | @aB842.1@v5 | |
| 701 | 0 | @a陈仕伟@9chen shi wei@4著 |
| 801 | 0 | @aCN@c20250910 |
| 905 | @a河南城建学院图书馆@dB842.1@eC567@ZC567@f1 | |
| 知觉、行动与知识:一种“行动优先”的统一解释=Perception, action and knowledge:an action first unified account/陈仕伟著.-北京:中国社会科学出版社,2024.06 |
| 230页:图;24cm |
| 博士论文出版项目 国家社会科学基金 |
| ISBN 978-7-5227-3560-3:CNY98.00 |
| 本书尝试基于行动概念重新诠释知觉经验与知觉知识,构建一种基于行动的新朴素实在论与知识析取论。核心主张在于:知觉经验本质上是一种具身的有意行动,而知觉知识是感知者适切地完成相应的知觉行动后获得的认知成就。基于上述主张,在保留当代朴素实在论与析取论洞见的同时,对知觉、行动与知识给出了一个“行动优先”的统一解释。 |
| ● |
| 相关链接 |
|
|
|
正题名:知觉、行动与知识
索取号:B842.1/C567
 
预约/预借
| 序号 | 登录号 | 条形码 | 馆藏地/架位号 | 状态 | 备注 |
| 1 | 1634013 | 216340136 | 社科库509/509社科库 36排1列1层/ [索取号:B842.1/C567] | 在馆 |